Basic engineering thermodynamics (Record no. 923)

MARC details
000 -LEADER
fixed length control field 00836nac a22002291u 4500
010 ## - LIBRARY OF CONGRESS CONTROL NUMBER
LC control number 74013559
020 ## - INTERNATIONAL STANDARD BOOK NUMBER
International Standard Book Number 007Y859981
082 00 - DEWEY DECIMAL CLASSIFICATION NUMBER
Classification number 621.4021
Item number Z53
090 ## - LOCALLY ASSIGNED LC-TYPE CALL NUMBER (OCLC); LOCAL CALL NUMBER (OCLC)
-- 923
-- 923
100 ## - MAIN ENTRY--PERSONAL NAME
Personal name Zemansky, Mark Waldo,
245 10 - TITLE STATEMENT
Title Basic engineering thermodynamics
Statement of responsibility, etc [by] Mark W. Zemansky, Michael M. Abbott, [and] Hendrick C. Van Ness.
250 ## - EDITION STATEMENT
Edition statement 2d ed.
260 ## - PUBLICATION, DISTRIBUTION, ETC. (IMPRINT)
Place of publication, distribution, etc Auchland :
Name of publisher, distributor, etc McGraw-Hill Book Co.
Date of publication, distribution, etc [1975]
300 ## - PHYSICAL DESCRIPTION
Extent xvi, 492 p.
Other physical details illus.
Dimensions 24 cm.
490 ## - Series Statement
Series statement Mechanical engineering series
504 ## - BIBLIOGRAPHY, ETC. NOTE
Bibliography, etc Includes bibliographical references.
650 #0 - SUBJECT ADDED ENTRY--TOPICAL TERM
Topical term or geographic name as entry element Thermodynamics.
700 1# - ADDED ENTRY--PERSONAL NAME
Personal name Abbott, Michael M.,
700 1# - ADDED ENTRY--PERSONAL NAME
Personal name Van Ness, H. C.
Fuller form of name (Hendrick C.),
942 ## - ADDED ENTRY ELEMENTS (KOHA)
Item type Book - Borrowing
Call number prefix 621.4021Z53
Holdings
Withdrawn status Item status Source of classification or shelving scheme Damaged status Not for loan Vendor Home library Current library Shelving location Date acquired Source of acquisition Cost, normal purchase price Total Checkouts Full call number Barcode Date last seen Cost, replacement price Koha item type
    Dewey Decimal Classification       Central Library Central Library First floor 06/08/2010   70.00   621.4021 ZEM 000003600 15/07/2025 87.50 Book - Borrowing